| 000 | 00577nam a2200145Ia 4500 | ||
|---|---|---|---|
| 008 | 140724s9999 xx 000 0 und d | ||
| 050 |
_aBF 637 _b.B171 2011 |
||
| 100 | _aBala, Kristoffer Mauele Uy. | ||
| 245 |
_aCustomer satisfaction of Shell Full Stop Gasoline Station Iba. Zambales on pricing, products, advertising and promotion and distribution / _cKristoffer Mauele Uy Bala. |
||
| 260 |
_aLas PiƱas, Philippines : _bSouthville International School and Colleges, _cc2011. |
||
| 300 |
_a73 p. : _bill. ; _c28 cm. |
||
| 521 | _aPsychology | ||
| 942 | _cTH | ||
| 999 |
_c229146 _d229146 |
||